[Event "Kerkinitida Cup Blitz"]
[Site "Evpatoria"]
[Date "2023.09.03"]
[Round "3"]
[White "Ramzin, Dmitry"]
[Black "Krepkiy, Igor"]
[Result "0-1"]
[WhiteElo "1875"]
[BlackElo "1582"]
[PlyCount "77"]
[EventDate "2023.09.03"]
[EventType "swiss (blitz)"]
[EventRounds "13"]
[EventCountry "UKR"]
[SourceTitle "EXT 2024"]
[Source "ChessBase"]
[SourceDate "2023.10.10"]
[SourceVersion "1"]
[SourceVersionDate "2023.10.10"]
[SourceQuality "1"]

1. d4 Nf6 2. Bg5 Ne4 3. h4 h6 4. Bf4 d5 5. e3 c5 6. Bd3 Nf6 7. c3 Nc6 8. Nf3 Bg4 9. Nbd2 e6 10. 0-0 Bd6 11. Bxd6 Qxd6 12. dxc5 Qxc5 13. Nb3 Qd6 14. Be2 e5 15. Nfd2 Bxe2 16. Qxe2 0-0 17. Nf3 Rad8 18. Rad1 Qc7 19. Rd2 Ne4 20. Rdd1 f5 21. g3 Nf6 22. Nfd2 Qf7 23. Kg2 Rfe8 24. Rfe1 Nd7 25. Qf1 e4 26. Nd4 Nde5 27. N2b3 g5 28. hxg5 hxg5 29. Qh1 Kg7 30. Qf1 Nd3 31. Rxd3 exd3 32. Qxd3 Rf8 33. Rh1 Ne5 34. Qe2 Rh8 35. Rxh8 Rxh8 36. f4 Ng4 37. Qd3 Kg6 38. fxg5 Re8 39. Qc2 0-1